[Event "20. Obert Int. Sant Marti 2018"]
[Site "Barcelona ESP"]
[Date "2018.07.15"]
[Round "3.41"]
[White "Anadkat, Kartavya"]
[Black "Borrellas Comellas, Josep"]
[Result "1-0"]
[WhiteElo "1910"]
[BlackElo "2080"]
[PlyCount "91"]
[EventDate "2018.07.13"]
[EventType "swiss"]
[EventRounds "9"]
[EventCountry "ESP"]
[SourceTitle "Ajedrez en Madrid"]
[Source "lmi"]
[SourceDate "2018.07.13"]
[SourceVersion "1"]
[SourceVersionDate "2019.06.21"]
[SourceQuality "1"]

1. e4 e5 2. Nf3 Nc6 3. Bc4 Bc5 4. c3 Nf6 5. d3 d6 6. Bb3 h6 7. h3 O-O 8. Nbd2
a6 9. Nf1 d5 10. Qe2 Re8 11. g4 dxe4 12. dxe4 Nh7 13. Ng3 Be6 14. Nf5 Bxb3 15.
axb3 Qf6 16. g5 hxg5 17. Rg1 Ne7 18. b4 Nxf5 19. bxc5 Nh4 20. Nxh4 gxh4 21. Be3
Rad8 22. Qg4 Re6 23. Ke2 g6 24. Qh5 Rde8 25. Rg4 Kh8 26. Qh6 g5 27. Qxf6+ Nxf6
28. Rxg5 Nxe4 29. Rh5+ Kg7 30. Ra4 Nf6 31. Rg5+ Kf8 32. Rxh4 Ke7 33. Rg7 Rg8
34. Rxg8 Nxg8 35. Rb4 Kd7 36. Rxb7 Kc8 37. Rb4 f5 38. Rh4 Ne7 39. Bg5 Nc6 40.
Rh8+ Kb7 41. h4 Rg6 42. Rf8 f4 43. Kf3 Na5 44. Kg4 Nc4 45. h5 Rg7 46. h6 1-0

[Event "20. Obert Int. Sant Marti 2018"]
[Site "Barcelona ESP"]
[Date "2018.07.15"]
[Round "3.42"]
[White "Bernat, Ernest"]
[Black "Anustoop, Biswas"]
[Result "0-1"]
[WhiteElo "1880"]
[BlackElo "2052"]
[PlyCount "140"]
[EventDate "2018.07.13"]
[EventType "swiss"]
[EventRounds "9"]
[EventCountry "ESP"]
[SourceTitle "Ajedrez en Madrid"]
[Source "lmi"]
[SourceDate "2018.07.13"]
[SourceVersion "1"]
[SourceVersionDate "2019.06.21"]
[SourceQuality "1"]

1. e4 e6 2. d4 d5 3. Nd2 c5 4. exd5 Qxd5 5. Ngf3 cxd4 6. Bc4 Qd7 7. O-O Nf6 8.
Nb3 Nc6 9. Nbxd4 Nxd4 10. Nxd4 a6 11. Re1 Bc5 12. c3 b5 13. Bb3 Bb7 14. a4 O-O
15. Be3 Bd6 16. axb5 axb5 17. Qe2 b4 18. c4 e5 19. Nb5 Qc6 20. f3 Bc5 21. Bxc5
Qxc5+ 22. Qf2 Nd7 23. Qxc5 Nxc5 24. Bc2 b3 25. Rxa8 Rxa8 26. Bb1 f6 27. Rd1 Na4
28. Rd3 Nc5 29. Rd1 Bc6 30. Nc3 Na4 31. Nxa4 Rxa4 32. Rc1 g6 33. Be4 Bxe4 34.
fxe4 Ra2 35. Rb1 Kf7 36. Kf2 Ke6 37. Ke3 Kd6 38. Kd3 Kc5 39. Kc3 Ra4 40. Kxb3
Rb4+ 41. Kc3 Rxc4+ 42. Kd3 f5 43. exf5 gxf5 44. Ra1 Rd4+ 45. Ke3 Rb4 46. Rc1+
Kd5 47. Rd1+ Ke6 48. Rd2 Rb3+ 49. Ke2 f4 50. Kd1 Kf5 51. Kc2 Rb7 52. h3 h5 53.
b3 Rc7+ 54. Kb2 e4 55. Rd5+ Ke6 56. Rd2 e3 57. Re2 h4 58. Rc2 Rxc2+ 59. Kxc2
Kd5 60. Kd3 Kc5 61. Kc3 Kb5 62. Kd3 Ka5 63. Kc3 Ka6 64. Kc2 Kb6 65. Kd3 Kb5 66.
Kc3 Kc5 67. Kd3 Kd5 68. b4 Kc6 69. Kc2 Kb5 70. Kc3 Ka4 0-1

[Event "20. Obert Int. Sant Marti 2018"]
[Site "Barcelona ESP"]
[Date "2018.07.15"]
[Round "3.43"]
[White "Bhuta, Hriday"]
[Black "Miralles Brugues, Jordi"]
[Result "1/2-1/2"]
[WhiteElo "1650"]
[BlackElo "2011"]
[PlyCount "107"]
[EventDate "2018.07.13"]
[EventType "swiss"]
[EventRounds "9"]
[EventCountry "ESP"]
[SourceTitle "Ajedrez en Madrid"]
[Source "lmi"]
[SourceDate "2018.07.13"]
[SourceVersion "1"]
[SourceVersionDate "2019.06.21"]
[SourceQuality "1"]

1. d4 d5 2. c4 Nc6 3. e3 e5 4. dxe5 d4 5. a3 dxe3 6. Qxd8+ Kxd8 7. Bxe3 Nxe5 8.
Nc3 Be6 9. b3 Kc8 10. Be2 Ne7 11. Bf4 N5g6 12. Bd2 Nf5 13. Nf3 f6 14. O-O Bd6
15. Rfe1 Ne5 16. Nb5 Nxf3+ 17. Bxf3 Be5 18. Bc3 Bxc3 19. Nxc3 Nd4 20. Rad1
Nxf3+ 21. gxf3 Re8 22. Nd5 b6 23. Nf4 Bf7 24. Rxe8+ Bxe8 25. Ne6 Kb7 26. Nd8+
Kc8 27. Ne6 Bc6 28. Rd8+ Kb7 29. Rxa8 Kxa8 30. Nxc7+ Kb7 31. Ne6 Bxf3 32. Nd4
Bh5 33. f3 a5 34. Kf2 Bf7 35. Ke3 Kc7 36. Kd3 g5 37. b4 axb4 38. axb4 Kd6 39.
Ne2 Ke5 40. c5 bxc5 41. bxc5 Kd5 42. Nc3+ Kxc5 43. Ne4+ Kd5 44. Nxf6+ Ke5 45.
Ne4 Kf4 46. Nd2 Bd5 47. Ke2 h5 48. Kf2 h4 49. Ke2 h3 50. Kf2 Bc6 51. Ke2 Bb5+
52. Kf2 Bd3 53. Ne4 Bc2 54. Nc3 1/2-1/2

[Event "20. Obert Int. Sant Marti 2018"]
[Site "Barcelona ESP"]
[Date "2018.07.15"]
[Round "3.45"]
[White "Albero Figueras, Emilio"]
[Black "Yang, Jack Nathaniel"]
[Result "1-0"]
[WhiteElo "1968"]
[BlackElo "1661"]
[PlyCount "67"]
[EventDate "2018.07.13"]
[EventType "swiss"]
[EventRounds "9"]
[EventCountry "ESP"]
[SourceTitle "Ajedrez en Madrid"]
[Source "lmi"]
[SourceDate "2018.07.13"]
[SourceVersion "1"]
[SourceVersionDate "2019.06.21"]
[SourceQuality "1"]

1. d4 Nf6 2. e3 d5 3. Bd3 c5 4. Nf3 Nc6 5. O-O Bg4 6. c3 e6 7. Nbd2 Bd6 8. h3
Bh5 9. Qc2 Bxf3 10. Nxf3 c4 11. Be2 Ne4 12. Bxc4 Nxf2 13. Bxd5 Nxh3+ 14. gxh3
exd5 15. e4 Be7 16. e5 f6 17. exf6 Bxf6 18. Re1+ Kd7 19. Qf5+ Kc7 20. Bf4+ Kb6
21. a4 a6 22. Ne5 Rf8 23. Nd7+ Ka7 24. Nxf8 Qxf8 25. Qxd5 Bxd4+ 26. cxd4 Qxf4
27. Qc5+ Kb8 28. Ra3 Kc7 29. Rf1 Qe4 30. d5 Qe5 31. d6+ Kd7 32. Rf7+ Ke6 33.
Qc4+ Kxd6 34. Rd3+ 1-0

[Event "20. Obert Int. Sant Marti 2018"]
[Site "Barcelona ESP"]
[Date "2018.07.15"]
[Round "3.46"]
[White "Romero Gamez, Francisco Javier"]
[Black "Magallanes, Gustavo"]
[Result "0-1"]
[WhiteElo "1540"]
[BlackElo "1952"]
[PlyCount "82"]
[EventDate "2018.07.13"]
[EventType "swiss"]
[EventRounds "9"]
[EventCountry "ESP"]
[SourceTitle "Ajedrez en Madrid"]
[Source "lmi"]
[SourceDate "2018.07.13"]
[SourceVersion "1"]
[SourceVersionDate "2019.06.21"]
[SourceQuality "1"]

1. e4 c5 2. Nf3 e6 3. d4 cxd4 4. Nxd4 Nc6 5. Nc3 Qc7 6. Nxc6 bxc6 7. Bd3 e5 8.
O-O Nf6 9. f4 d6 10. fxe5 dxe5 11. Qe1 Be6 12. Bg5 Be7 13. Kh1 h6 14. Bh4 g5
15. Bg3 Rg8 16. Qe2 Bg4 17. Qf2 h5 18. Qe3 h4 19. Bf2 Be6 20. Be2 Nd7 21. Be1
Bc5 22. Qd2 Rd8 23. Rd1 Be7 24. Qe3 g4 25. Rd2 Bg5 26. Qf2 Bxd2 27. Bxd2 g3 28.
Qe3 Qb6 29. h3 Qxe3 30. Bxe3 Bxh3 31. Bf3 Be6 32. Bxa7 Bc4 33. Re1 Nf6 34. b3
Be6 35. a4 Rd2 36. Rc1 Bg4 37. Be3 Rd8 38. Bxg4 Nxg4 39. Bc5 Rd2 40. a5 Nf2+
41. Kg1 h3 0-1

[Event "20. Obert Int. Sant Marti 2018"]
[Site "Barcelona ESP"]
[Date "2018.07.15"]
[Round "3.47"]
[White "Riu Lopez, Daniel"]
[Black "Gomez Barrera, Javiera Belen"]
[Result "1/2-1/2"]
[WhiteElo "1920"]
[BlackElo "2063"]
[PlyCount "148"]
[EventDate "2018.07.13"]
[EventType "swiss"]
[EventRounds "9"]
[EventCountry "ESP"]
[SourceTitle "Ajedrez en Madrid"]
[Source "lmi"]
[SourceDate "2018.07.13"]
[SourceVersion "1"]
[SourceVersionDate "2019.06.21"]
[SourceQuality "1"]

1. e4 e5 2. Nf3 Nc6 3. Bc4 Bc5 4. O-O Nf6 5. d4 Bxd4 6. Nxd4 Nxd4 7. f4 d6 8.
fxe5 dxe5 9. Bg5 Qe7 10. Nd2 Rg8 11. c3 Ne6 12. Bxf6 gxf6 13. Kh1 Nf4 14. g3
Bh3 15. Rf2 Ne6 16. Nf1 Ng5 17. Qd3 c6 18. Ne3 Ne6 19. b4 Rg5 20. Rd1 Rd8 21.
Qc2 Nc7 22. Qb3 Rxd1+ 23. Qxd1 Be6 24. Bxe6 fxe6 25. Qf3 Nb5 26. c4 Nd4 27.
Qxf6 Qxf6 28. Rxf6 Ke7 29. Rh6 Rg7 30. Kg2 b6 31. h3 Ne2 32. Ng4 Kd6 33. Kf3
Nc3 34. a3 Nb1 35. a4 Nd2+ 36. Ke3 Nxc4+ 37. Ke2 a5 38. bxa5 bxa5 39. Rh5 Nb6
40. Nxe5 Rxg3 41. Nf7+ Ke7 42. Ne5 Nxa4 43. Nxc6+ Kd6 44. Nxa5 Nc3+ 45. Ke1
Nxe4 46. Rxh7 Ng5 47. Nb7+ Kc6 48. Nd8+ Kd5 49. Rh5 Ke4 50. h4 Nf3+ 51. Kf2 Rg6
52. Nf7 Rf6 53. Nd6+ Kd4 54. Nb5+ Kd3 55. Kg3 Ke3 56. Nc3 Rg6+ 57. Kh3 Ng1+ 58.
Kh2 Nf3+ 59. Kh3 Kd3 60. Nb5 Ke3 61. Nc3 e5 62. Rf5 e4 63. h5 Rc6 64. Nd5+ Ke2
65. Kg3 Rd6 66. Nc3+ Ke3 67. Nxe4 Kxe4 68. Rxf3 Rh6 69. Rf4+ Ke5 70. Ra4 Kf5
71. Ra5+ Kf6 72. Kg4 Rh8 73. Ra6+ Kg7 74. Kg5 Rb8 1/2-1/2

[Event "20. Obert Int. Sant Marti 2018"]
[Site "Barcelona ESP"]
[Date "2018.07.15"]
[Round "3.48"]
[White "Brunet Gil, Pol"]
[Black "Montell Zabay, Alberto"]
[Result "1-0"]
[WhiteElo "2052"]
[BlackElo "1928"]
[PlyCount "40"]
[EventDate "2018.07.13"]
[EventType "swiss"]
[EventRounds "9"]
[EventCountry "ESP"]
[SourceTitle "Ajedrez en Madrid"]
[Source "lmi"]
[SourceDate "2018.07.13"]
[SourceVersion "1"]
[SourceVersionDate "2019.06.21"]
[SourceQuality "1"]

1. e4 d5 2. exd5 Nf6 3. Nf3 Nxd5 4. d4 g6 5. c4 Nb6 6. Be2 Bg7 7. h3 O-O 8. O-O
Nc6 9. Be3 e5 10. dxe5 Nxe5 11. Qb3 Be6 12. Nbd2 Qe7 13. Nd4 Bd7 14. Nb5 Bc6
15. Rac1 Rad8 16. Rfe1 Kh8 17. f4 Ned7 18. Bf3 Nc5 19. Qb4 Qxe3+ 20. Rxe3 Bd4
1-0

[Event "20. Obert Int. Sant Marti 2018"]
[Site "Barcelona ESP"]
[Date "2018.07.15"]
[Round "3.49"]
[White "Oualili, Abdelali"]
[Black "Castrillo Mansego, Pablo"]
[Result "0-1"]
[WhiteElo "1887"]
[BlackElo "2020"]
[PlyCount "72"]
[EventDate "2018.07.13"]
[EventType "swiss"]
[EventRounds "9"]
[EventCountry "ESP"]
[SourceTitle "Ajedrez en Madrid"]
[Source "lmi"]
[SourceDate "2018.07.13"]
[SourceVersion "1"]
[SourceVersionDate "2019.06.21"]
[SourceQuality "1"]

1. e4 d6 2. d4 Nf6 3. Nc3 g6 4. Be3 Bg7 5. f3 O-O 6. h4 h5 7. Qd2 e5 8. O-O-O
exd4 9. Bxd4 Nc6 10. Be3 Be6 11. Bh6 Ne5 12. Bxg7 Kxg7 13. Nh3 a6 14. Nf4 Qe7
15. Be2 Rh8 16. Rdg1 c6 17. Qd1 b5 18. Kb1 a5 19. g4 hxg4 20. Nxe6+ Qxe6 21. f4
Nc4 22. Bd3 a4 23. Qe2 Rh5 24. Re1 Rc5 25. Qf2 Nxb2 26. Kxb2 a3+ 27. Kb1 Rxc3
28. e5 dxe5 29. fxe5 Nd5 30. Qd2 Rc5 31. h5 Nc3+ 32. Kc1 Nxa2+ 33. Kb1 Nc3+ 34.
Kc1 a2 35. Kb2 a1=Q+ 36. Rxa1 Ra2+ 0-1

[Event "20. Obert Int. Sant Marti 2018"]
[Site "Barcelona ESP"]
[Date "2018.07.15"]
[Round "3.50"]
[White "Haak, Eelco"]
[Black "Alcaraz Lopez, Francesc"]
[Result "1/2-1/2"]
[WhiteElo "2015"]
[BlackElo "1889"]
[PlyCount "55"]
[EventDate "2018.07.13"]
[EventType "swiss"]
[EventRounds "9"]
[EventCountry "ESP"]
[SourceTitle "Ajedrez en Madrid"]
[Source "lmi"]
[SourceDate "2018.07.13"]
[SourceVersion "1"]
[SourceVersionDate "2019.06.21"]
[SourceQuality "1"]

1. d4 d6 2. c4 Nf6 3. Nc3 g6 4. e4 Bg7 5. f3 c5 6. Nge2 cxd4 7. Nxd4 Nc6 8. Be3
Nxd4 9. Bxd4 Be6 10. Be2 Rc8 11. b3 a6 12. O-O O-O 13. f4 Qa5 14. f5 Bd7 15.
Bxf6 Bxf6 16. Nd5 Qc5+ 17. Kh1 Rce8 18. b4 Qc6 19. Rb1 Be5 20. b5 Qc5 21. bxa6
bxa6 22. Rb7 Qc8 23. Rc7 Qd8 24. f6 exf6 25. c5 Be6 26. cxd6 Bxd5 27. Qxd5 Bxd6
28. Rc6 1/2-1/2

[Event "20. Obert Int. Sant Marti 2018"]
[Site "Barcelona ESP"]
[Date "2018.07.15"]
[Round "3.51"]
[White "Casaponsa Puig, Gaieta"]
[Black "Nigalidze, Zviad"]
[Result "0-1"]
[WhiteElo "1818"]
[BlackElo "1968"]
[PlyCount "124"]
[EventDate "2018.07.13"]
[EventType "swiss"]
[EventRounds "9"]
[EventCountry "ESP"]
[SourceTitle "Ajedrez en Madrid"]
[Source "lmi"]
[SourceDate "2018.07.13"]
[SourceVersion "1"]
[SourceVersionDate "2019.06.21"]
[SourceQuality "1"]

1. d4 Nf6 2. c4 e6 3. Nc3 d5 4. e3 Bb4 5. Bd2 O-O 6. Bd3 Nc6 7. f4 Bxc3 8. Bxc3
dxc4 9. Bxc4 Nd5 10. Qf3 a6 11. Ne2 b5 12. Bb3 Bb7 13. Qh3 Nce7 14. Bc2 Nf6 15.
O-O Be4 16. Bxe4 Nxe4 17. Ng3 Nxc3 18. bxc3 Nd5 19. Ne4 Qe7 20. Rac1 f5 21. Nc5
Rf6 22. Qf3 Qf7 23. Nd3 c6 24. c4 bxc4 25. Rxc4 Qb7 26. Rfc1 Rc8 27. Ne5 Ne7
28. Nxc6 Nxc6 29. Rxc6 Rcf8 30. Qe2 e5 31. Qc4+ Kh8 32. fxe5 Rxc6 33. Qxc6 Qa7
34. Qc5 Qb8 35. d5 h5 36. d6 Rd8 37. h3 Qb2 38. e6 Rxd6 39. Qc8+ Kh7 40. e7 Rg6
41. g4 Qe5 42. Qc5 Qg3+ 43. Kf1 Qxh3+ 44. Ke1 Qg3+ 45. Kd2 Qg2+ 46. Kd3 Qe4+
47. Ke2 Qxg4+ 48. Kd3 Qe4+ 49. Kd2 Re6 50. Rc4 Qe5 51. Qxe5 Rxe5 52. Rc7 h4 53.
Rc4 g5 54. Ra4 h3 55. Rxa6 h2 56. Ra7 Kg6 57. Ra6+ Kg7 58. Ra7 Kf7 59. e8=Q+
Kxe8 60. Rh7 Ra5 61. a4 Rxa4 62. Kd3 Rh4 0-1

[Event "20. Obert Int. Sant Marti 2018"]
[Site "Barcelona ESP"]
[Date "2018.07.15"]
[Round "3.52"]
[White "Salvany Rius, Joaquim"]
[Black "Lorenzo Martinez, Ruben"]
[Result "1-0"]
[WhiteElo "1952"]
[BlackElo "1846"]
[PlyCount "51"]
[EventDate "2018.07.13"]
[EventType "swiss"]
[EventRounds "9"]
[EventCountry "ESP"]
[SourceTitle "Ajedrez en Madrid"]
[Source "lmi"]
[SourceDate "2018.07.13"]
[SourceVersion "1"]
[SourceVersionDate "2019.06.21"]
[SourceQuality "1"]

1. e4 c5 2. Nf3 d6 3. d4 cxd4 4. Nxd4 Nf6 5. Nc3 e6 6. Be3 a6 7. f3 Be7 8. Qd2
b5 9. O-O-O Bb7 10. g4 O-O 11. g5 Nfd7 12. Bd3 Ne5 13. f4 Ned7 14. f5 exf5 15.
Nxf5 Nc5 16. Rhe1 Nbd7 17. Bf4 Ne6 18. Nxe7+ Qxe7 19. Nd5 Qd8 20. Bxd6 Nxg5 21.
Ne7+ Kh8 22. Qxg5 f6 23. Qg3 Ne5 24. Nf5 Rf7 25. Bxe5 fxe5 26. Qxe5 1-0

[Event "20. Obert Int. Sant Marti 2018"]
[Site "Barcelona ESP"]
[Date "2018.07.15"]
[Round "3.53"]
[White "Supriya, Joshi"]
[Black "Roa Ribera, Alvaro"]
[Result "1-0"]
[WhiteElo "1941"]
[BlackElo "1742"]
[PlyCount "51"]
[EventDate "2018.07.13"]
[EventType "swiss"]
[EventRounds "9"]
[EventCountry "ESP"]
[SourceTitle "Ajedrez en Madrid"]
[Source "lmi"]
[SourceDate "2018.07.13"]
[SourceVersion "1"]
[SourceVersionDate "2019.06.21"]
[SourceQuality "1"]

1. d4 d5 2. c4 c6 3. Nf3 Nf6 4. Qb3 e6 5. Bg5 Nbd7 6. Nc3 Be7 7. e3 O-O 8. Bd3
h6 9. Bh4 c5 10. O-O cxd4 11. exd4 dxc4 12. Bxc4 Nd5 13. Bxe7 Nxe7 14. Rad1 Qb6
15. Qa3 Re8 16. Rfe1 Nf6 17. d5 Nexd5 18. Bxd5 exd5 19. Rxe8+ Nxe8 20. Nxd5 Qb5
21. Ne7+ Kh8 22. Rd8 b6 23. Rxc8 Rxc8 24. Nxc8 Qd7 25. Qc3 Nf6 26. h3 1-0

[Event "20. Obert Int. Sant Marti 2018"]
[Site "Barcelona ESP"]
[Date "2018.07.15"]
[Round "3.54"]
[White "Rojas Fernandez, Andres"]
[Black "Llorens Gou, Juan"]
[Result "1-0"]
[WhiteElo "1933"]
[BlackElo "1717"]
[PlyCount "95"]
[EventDate "2018.07.13"]
[EventType "swiss"]
[EventRounds "9"]
[EventCountry "ESP"]
[SourceTitle "Ajedrez en Madrid"]
[Source "lmi"]
[SourceDate "2018.07.13"]
[SourceVersion "1"]
[SourceVersionDate "2019.06.21"]
[SourceQuality "1"]

1. e4 c6 2. d4 d5 3. Nc3 dxe4 4. Nxe4 Bf5 5. Ng3 Bg6 6. Nf3 Nf6 7. h4 h6 8. h5
Bh7 9. Bd3 Bxd3 10. Qxd3 Nbd7 11. Bd2 Qc7 12. O-O-O e6 13. Qe2 O-O-O 14. Ne5
Nxe5 15. dxe5 Nd5 16. Kb1 Be7 17. f4 Rhg8 18. Ne4 f5 19. Nf2 g5 20. hxg6 Bf8
21. g4 Rxg6 22. gxf5 exf5 23. Qh5 Qf7 24. Nd3 Qe6 25. Rhg1 Rxg1 26. Rxg1 Kb8
27. Be1 b6 28. Bh4 Rd7 29. Rg6 Qe8 30. a3 Ne7 31. Bxe7 Rxe7 32. Qxf5 c5 33. e6
Kc7 34. Rg8 Rxe6 35. Rxf8 Qg6 36. Rf7+ Kd6 37. Qxg6 Rxg6 38. Rxa7 Rg1+ 39. Ka2
Rh1 40. Rh7 h5 41. f5 h4 42. f6 h3 43. f7 Ke7 44. Ne5 h2 45. Ng6+ Kf6 46. f8=Q+
Kxg6 47. Rg7+ Kh5 48. Qh8# 1-0

[Event "20. Obert Int. Sant Marti 2018"]
[Site "Barcelona ESP"]
[Date "2018.07.15"]
[Round "3.55"]
[White "Ji, Pablo"]
[Black "Cabot Muntane, Jordi"]
[Result "1/2-1/2"]
[WhiteElo "1774"]
[BlackElo "1933"]
[PlyCount "112"]
[EventDate "2018.07.13"]
[EventType "swiss"]
[EventRounds "9"]
[EventCountry "ESP"]
[SourceTitle "Ajedrez en Madrid"]
[Source "lmi"]
[SourceDate "2018.07.13"]
[SourceVersion "1"]
[SourceVersionDate "2019.06.21"]
[SourceQuality "1"]

1. e4 c6 2. d4 d5 3. Nc3 dxe4 4. Nxe4 Nd7 5. Nf3 Ngf6 6. Ng3 e6 7. Bd3 Be7 8.
O-O O-O 9. Re1 c5 10. c3 b6 11. Qc2 Bb7 12. Be3 Rc8 13. Rad1 Qc7 14. Bg5 Bxf3
15. gxf3 cxd4 16. Bxf6 Nxf6 17. Ne4 g6 18. c4 Qf4 19. Qe2 Nd7 20. Nd2 Bd6 21.
Nf1 Ne5 22. Kg2 Nxd3 23. Qxd3 e5 24. Re4 Qg5+ 25. Kh1 f5 26. Re2 Rfe8 27. Ng3
Kh8 28. Rg1 Qf6 29. a3 a5 30. Rge1 Qf7 31. Rc2 Bc5 32. Rce2 Bd6 33. Rc2 Bf8 34.
Kg2 Bg7 35. b4 axb4 36. axb4 Ra8 37. c5 bxc5 38. bxc5 Qc7 39. c6 Reb8 40. h4
Rb6 41. h5 Rxc6 42. Rxc6 Qxc6 43. hxg6 hxg6 44. Qb3 Bh6 45. Rxe5 Rd8 46. Re6
Qd5 47. Qb6 d3 48. Rxg6 Bg7 49. Nh5 Rd7 50. Nxg7 Rxg7 51. Qf6 Qd7 52. Qh4+ Kg8
53. Qc4+ Kh8 54. Qh4+ Kg8 55. Qc4+ Kh8 56. Qh4+ Kg8 1/2-1/2

[Event "20. Obert Int. Sant Marti 2018"]
[Site "Barcelona ESP"]
[Date "2018.07.16"]
[Round "4.5"]
[White "Cruz, Filemon"]
[Black "Cuartas, Jaime Alexander"]
[Result "0-1"]
[WhiteElo "2314"]
[BlackElo "2508"]
[PlyCount "104"]
[EventDate "2018.07.13"]
[EventType "swiss"]
[EventRounds "9"]
[EventCountry "ESP"]
[SourceTitle "Ajedrez en Madrid"]
[Source "lmi"]
[SourceDate "2018.07.13"]
[SourceVersion "1"]
[SourceVersionDate "2019.06.21"]
[SourceQuality "1"]

1. Nf3 d5 2. c4 c6 3. e3 Nf6 4. d4 Bg4 5. Qb3 Qb6 6. Ne5 e6 7. Nxg4 Nxg4 8. Be2
Nf6 9. Nc3 Nbd7 10. Bd2 Be7 11. Qc2 O-O 12. cxd5 exd5 13. O-O Rfe8 14. b4 a6
15. Na4 Qc7 16. Nc5 Bd6 17. g3 Ne4 18. Nxe4 dxe4 19. a4 Nf6 20. b5 axb5 21.
axb5 c5 22. dxc5 Qxc5 23. Qb3 Qf5 24. Bc3 Be5 25. Rfd1 Rxa1 26. Rxa1 h5 27.
Bxe5 Qxe5 28. Ra7 Re7 29. b6 Kh7 30. Qb4 Rd7 31. Ra5 Qd6 32. Qxd6 Rxd6 33. Bxh5
g6 34. Be2 Rxb6 35. g4 Rb2 36. Kf1 Ne8 37. Rd5 Rb6 38. Rd7 Nd6 39. g5 Kg7 40.
Rd8 Nf5 41. Bg4 Nh4 42. Re8 Nf3 43. h4 Nh2+ 44. Kg2 Nxg4 45. Rxe4 f5 46. Re7+
Kf8 47. Rc7 Rb2 48. Kg3 Nxf2 49. h5 Ne4+ 50. Kf4 Rf2+ 51. Ke5 gxh5 52. g6 b5
0-1

[Event "20. Obert Int. Sant Marti 2018"]
[Site "Barcelona ESP"]
[Date "2018.07.16"]
[Round "4.9"]
[White "Miciano, John Marvin"]
[Black "Abhishek, Das"]
[Result "1-0"]
[WhiteElo "2411"]
[BlackElo "2325"]
[PlyCount "83"]
[EventDate "2018.07.13"]
[EventType "swiss"]
[EventRounds "9"]
[EventCountry "ESP"]
[SourceTitle "Ajedrez en Madrid"]
[Source "lmi"]
[SourceDate "2018.07.13"]
[SourceVersion "1"]
[SourceVersionDate "2019.06.21"]
[SourceQuality "1"]

1. e4 c5 2. Nf3 Nc6 3. c3 d5 4. exd5 Qxd5 5. d4 e6 6. Na3 Nf6 7. Nb5 Qd8 8.
dxc5 Bxc5 9. Qxd8+ Kxd8 10. Bf4 Nd5 11. Bg3 Ke7 12. O-O-O a6 13. Nbd4 Nxd4 14.
Nxd4 Rd8 15. Nb3 Bd6 16. Be2 Bf4+ 17. Bxf4 Nxf4 18. Bf3 Nd3+ 19. Kc2 Ne5 20.
Rxd8 Kxd8 21. Rd1+ Kc7 22. Be2 Ng6 23. g3 e5 24. Bc4 Bg4 25. Rd2 f6 26. Nc5 Re8
27. b4 Nf8 28. Bd5 Bc8 29. a4 Ne6 30. Bxe6 Bxe6 31. c4 Bc8 32. Kc3 f5 33. a5 g5
34. Rd5 Re7 35. b5 axb5 36. cxb5 b6 37. axb6+ Kxb6 38. Kb4 e4 39. Rd6+ Kc7 40.
Rf6 h5 41. b6+ Kb8 42. Rf8 1-0

[Event "20. Obert Int. Sant Marti 2018"]
[Site "Barcelona ESP"]
[Date "2018.07.16"]
[Round "4.11"]
[White "Cori Quispe, Kevin Joel"]
[Black "Serarols Mabras, Bernat"]
[Result "1/2-1/2"]
[WhiteElo "2487"]
[BlackElo "2269"]
[PlyCount "48"]
[EventDate "2018.07.13"]
[EventType "swiss"]
[EventRounds "9"]
[EventCountry "ESP"]
[SourceTitle "Ajedrez en Madrid"]
[Source "lmi"]
[SourceDate "2018.07.13"]
[SourceVersion "1"]
[SourceVersionDate "2019.06.21"]
[SourceQuality "1"]

1. e4 c6 2. d4 d5 3. e5 Bf5 4. Nf3 e6 5. Be2 c5 6. Be3 cxd4 7. Nxd4 Ne7 8. O-O
Nbc6 9. Bb5 a6 10. Bxc6+ bxc6 11. c4 Qd7 12. Nc3 dxc4 13. Nxf5 Qxd1 14. Nxd1
Nxf5 15. Rc1 Be7 16. Rxc4 O-O 17. Rxc6 Rfc8 18. Rxc8+ Rxc8 19. g4 Nxe3 20. Nxe3
Rc5 21. f4 g5 22. b3 Rc3 23. Nc4 Bc5+ 24. Kh1 gxf4 1/2-1/2

[Event "20. Obert Int. Sant Marti 2018"]
[Site "Barcelona ESP"]
[Date "2018.07.16"]
[Round "4.12"]
[White "Krysa, Leandro"]
[Black "Samant, Aditya S"]
[Result "1-0"]
[WhiteElo "2533"]
[BlackElo "2191"]
[PlyCount "97"]
[EventDate "2018.07.13"]
[EventType "swiss"]
[EventRounds "9"]
[EventCountry "ESP"]
[SourceTitle "Ajedrez en Madrid"]
[Source "lmi"]
[SourceDate "2018.07.13"]
[SourceVersion "1"]
[SourceVersionDate "2019.06.21"]
[SourceQuality "1"]

1. e4 c5 2. Nf3 d6 3. c3 Nf6 4. Be2 e6 5. O-O Be7 6. Re1 O-O 7. Bf1 b6 8. d4
Bb7 9. Nbd2 Nbd7 10. e5 Ne8 11. b3 cxd4 12. cxd4 dxe5 13. dxe5 Nc5 14. Ba3 Nc7
15. Qc2 Nd5 16. Qc4 Ba6 17. Qg4 Nd3 18. Bxe7 Qxe7 19. Re4 Nc3 20. Re3 Rfd8 21.
Nc4 Bxc4 22. bxc4 Nxf2 23. Kxf2 Nd1+ 24. Rxd1 Rxd1 25. Bd3 g6 26. Kg3 h5 27.
Qf4 Rd8 28. Be2 Ra1 29. Ng5 Rxa2 30. Bxh5 Ra3 31. Rxa3 Qxa3+ 32. Bf3 Qf8 33.
Qh4 Qg7 34. Nxf7 g5 35. Nxg5 Qxe5+ 36. Kh3 Rd7 37. Bg4 Rg7 38. Nf3 Qe3 39. Qf6
Rh7+ 40. Kg3 Rg7 41. h4 Kh7 42. Kh3 a5 43. Bxe6 a4 44. Qf5+ Kh6 45. g4 Rg6 46.
g5+ Kg7 47. Qf7+ Kh8 48. Qf8+ Kh7 49. Bg8+ 1-0

[Event "20. Obert Int. Sant Marti 2018"]
[Site "Barcelona ESP"]
[Date "2018.07.16"]
[Round "4.13"]
[White "Marzo Pie, Xavier"]
[Black "Iniyan, P."]
[Result "0-1"]
[WhiteElo "2206"]
[BlackElo "2451"]
[PlyCount "52"]
[EventDate "2018.07.13"]
[EventType "swiss"]
[EventRounds "9"]
[EventCountry "ESP"]
[SourceTitle "Ajedrez en Madrid"]
[Source "lmi"]
[SourceDate "2018.07.13"]
[SourceVersion "1"]
[SourceVersionDate "2019.06.21"]
[SourceQuality "1"]

1. d4 Nf6 2. c4 g6 3. Nc3 Bg7 4. e4 d6 5. Be2 O-O 6. Bg5 c5 7. d5 h6 8. Be3 e6
9. Nf3 exd5 10. exd5 Bf5 11. Qd2 Kh7 12. h4 h5 13. Ng5+ Kg8 14. f3 Nbd7 15.
O-O-O Ne5 16. Bf4 Re8 17. Rdg1 Qa5 18. g4 hxg4 19. fxg4 Nfxg4 20. h5 Nf2 21.
hxg6 fxg6 22. Bxe5 Bxe5 23. Nge4 Nxh1 24. Qg5 Rf8 25. Rxh1 Bxe4 26. Rf1 Bxc3
0-1

[Event "20. Obert Int. Sant Marti 2018"]
[Site "Barcelona ESP"]
[Date "2018.07.16"]
[Round "4.14"]
[White "Harikrishnan.A.Ra"]
[Black "Smirnov, Artem"]
[Result "0-1"]
[WhiteElo "2204"]
[BlackElo "2405"]
[PlyCount "114"]
[EventDate "2018.07.13"]
[EventType "swiss"]
[EventRounds "9"]
[EventCountry "ESP"]
[SourceTitle "Ajedrez en Madrid"]
[Source "lmi"]
[SourceDate "2018.07.13"]
[SourceVersion "1"]
[SourceVersionDate "2019.06.21"]
[SourceQuality "1"]

1. e4 e5 2. Nf3 d6 3. d4 exd4 4. Nxd4 Nf6 5. Nc3 Be7 6. Be2 O-O 7. O-O Re8 8.
f4 Bf8 9. Bf3 c5 10. Nb3 Nc6 11. g4 c4 12. Nd2 b5 13. g5 Nd7 14. a4 b4 15. Nd5
Nb6 16. Bg2 Ba6 17. c3 bxc3 18. bxc3 Na5 19. Kh1 Nb3 20. Ra2 Nxd5 21. exd5 Nc5
22. Ba3 Nd3 23. Ne4 Qb6 24. Qh5 Bc8 25. f5 Re5 26. a5 Qd8 27. f6 g6 28. Qh4 Bb7
29. Nd2 Rc8 30. Nxc4 Bxd5 31. Nxe5 dxe5 32. Bxf8 Bxg2+ 33. Rxg2 Qxf8 34. Rd2
Nf4 35. Rfd1 h5 36. gxh6 Kh7 37. Qg3 Qc5 38. Qf3 Rc6 39. Rd8 Rxf6 40. Qa8 Kxh6
41. Rh8+ Kg5 42. Qe4 Rd6 43. Re1 f5 44. Qa8 Qd5+ 45. Qxd5 Rxd5 46. Ra1 e4 47.
Re8 Rd3 48. a6 e3 49. Re1 e2 50. c4 Kg4 51. c5 Kf3 52. c6 Rc3 53. Kg1 Rxc6 54.
h4 Rxa6 55. Rc1 Rd6 56. Re1 Rd1 57. R8xe2 Nxe2+ 0-1